Reforma agraria, participación y migraciones

Guardado en:
書目詳細資料
主要作者: Argüello, Omar
格式: Texto
出版: Santiago: Programa de Activiades Conjuntas ELAS-CELADE
標簽: 添加標簽
沒有標簽, 成為第一個標記此記錄!

MARC

LEADER 00000 a a2200000 04500
001 15792
003
040 |a CRAI/IIS  |c CRAI/IIS 
090 |a 015500  
100 |a Argüello, Omar  
245 |a Reforma agraria, participación y migraciones  
260 |a Santiago:   |b Programa de Activiades Conjuntas ELAS-CELADE  
300 |a 2; 180 p.  
999 |c 2524  |d 2524